<?xml version="1.0" encoding="UTF-8"?>
<record
    xmlns:xsi="http://www.w3.org/2001/XMLSchema-instance"
    xsi:schemaLocation="http://www.loc.gov/MARC21/slim http://www.loc.gov/standards/marcxml/schema/MARC21slim.xsd"
    xmlns="http://www.loc.gov/MARC21/slim">

  <leader>00358nam a22001217a 4500</leader>
  <datafield tag="082" ind1=" " ind2=" ">
    <subfield code="a">621.38224</subfield>
    <subfield code="b">CON</subfield>
  </datafield>
  <datafield tag="100" ind1=" " ind2=" ">
    <subfield code="a">Conner, F.R.</subfield>
    <subfield code="9">41622</subfield>
  </datafield>
  <datafield tag="245" ind1=" " ind2=" ">
    <subfield code="a">NOISE Introductory Topics in Electronics &amp; Telecommunication</subfield>
    <subfield code="c">Conner, F.R.</subfield>
  </datafield>
  <datafield tag="300" ind1=" " ind2=" ">
    <subfield code="a">1, 104, p :</subfield>
    <subfield code="b">ill. ;</subfield>
    <subfield code="c">18 cm. </subfield>
  </datafield>
  <datafield tag="526" ind1=" " ind2=" ">
    <subfield code="a">0</subfield>
    <subfield code="b">0</subfield>
    <subfield code="c">0</subfield>
    <subfield code="d">621_382240000000000_CON</subfield>
  </datafield>
  <datafield tag="650" ind1=" " ind2=" ">
    <subfield code="a">MCE</subfield>
    <subfield code="9">379</subfield>
  </datafield>
  <datafield tag="942" ind1=" " ind2=" ">
    <subfield code="2">ddc</subfield>
    <subfield code="c">BK</subfield>
  </datafield>
  <datafield tag="999" ind1=" " ind2=" ">
    <subfield code="c">545682</subfield>
    <subfield code="d">545682</subfield>
  </datafield>
  <datafield tag="952" ind1=" " ind2=" ">
    <subfield code="0">0</subfield>
    <subfield code="1">0</subfield>
    <subfield code="2">ddc</subfield>
    <subfield code="4">0</subfield>
    <subfield code="7">0</subfield>
    <subfield code="a">MCE</subfield>
    <subfield code="b">MCE</subfield>
    <subfield code="d">2014-05-28</subfield>
    <subfield code="l">0</subfield>
    <subfield code="o">621.38224 CON</subfield>
    <subfield code="p">MCE-41923</subfield>
    <subfield code="r">2014-05-28</subfield>
    <subfield code="w">2014-05-28</subfield>
    <subfield code="y">BK</subfield>
  </datafield>
</record>
